| 000 | 01202cam a22002775a 4500 | ||
|---|---|---|---|
| 001 | 18313195 | ||
| 005 | 20160424160635.0 | ||
| 008 | 140923s2015 enk frb 001 0 eng d | ||
| 020 | _a9781138015821 (pbk) | ||
| 040 |
_aDLC _beng _cDLC _dDLC _dEG-ScBUE |
||
| 043 | _ae-uk-en | ||
| 082 | 0 | 4 |
_a346.4202 _222 _bSTO |
| 100 | 1 |
_aStone, Richard, _d1951 March 7- _939897 |
|
| 245 | 1 | 4 |
_aThe modern law of contract / _cRichard Stone and James Devenney. |
| 250 | _a11th ed. | ||
| 260 |
_aOxon ; _aNew York : _bRoutledge / Taylor & Francis Group, _c2015. |
||
| 300 |
_axlix, 541 p. ; _c26 cm. |
||
| 500 | _aIndex : p. 531-541. | ||
| 504 | _aBibliography : p. 521-530. | ||
| 505 | 0 | _aForming the agreement -- Consideration and other tests of enforceability -- Intention to create legal relations -- Privity -- The contents of the contract -- Clauses excluding or limiting liability -- Misreprensentation -- Mistake -- Duress -- Undue influence -- Illegality and public policy -- Frustration -- Discharge by performance or breach -- Remedies and restitution. | |
| 650 | 0 |
_aContracts _zEngland. _2BUEsh _923175 |
|
| 651 | _2BUEsh | ||
| 653 |
_bBUSBOL _cApril2016 |
||
| 700 | 1 | _aDevenney, James, | |
| 942 | _2ddc | ||
| 999 |
_c21680 _d21652 |
||